000 00266nam a22001217a 4500
020 _a0-07-0494746-2
041 _aENG
100 _aRobert.H
245 _aEngineering Manual
260 _aNew York
_bMcGrw-Hill Book
_c1959
650 _aGAE (15)
856 _uGAE (15)
999 _c2958
_d2958